Las tareas para casa como medios de enseñanza : (Record no. 3924)

000 -CABECERA
fixed length control field 01028nam a22002297a 4500
003 - IDENTIFICADOR DEL NÚMERO DE CONTROL
control field AR-CdUCM
008 - DATOS DE LONGITUD FIJA--INFORMACIÓN GENERAL
fixed length control field 190307b ||||| |||| 00| 0 eng d
040 ## - FUENTE DE LA CATALOGACIÓN
Agencia/entidad que catalogó originalmente la obra MUNICIPALIDAD PROVINCIAL DEL CUSCO
Entidad que transcribió la catalogación BIBLIOTECA MUNICIPAL DEL CUSCO
082 ## - NÚMERO DE LA CLASIFICACIÓN DECIMAL DEWEY
No. de Clasificación 371 /
Notacion interna SH47
100 ## - ENTRADA PRINCIPAL--NOMBRE DE PERSONA
Nombre Personal Shockley, Robert J.
245 ## - MENCIÓN DE TÍTULO
Título Las tareas para casa como medios de enseñanza :
Resto del título extensión de las actividades de la clase mediante estudios en casa orientados por el maestro /
260 ## - PUBLICACIÓN, DISTRIBUCIÓN, ETC.
Lugar de publicación, distribución, etc. México :
Nombre de la editorial, distribuidor, etc. U.T.E.H.A.,
Fecha de publicación, distribución, etc. 1968.
300 ## - DESCRIPCIÓN FÍSICA
Nº de Páginas Extensión VIII , 102 páginas ;
Dimensiones 17.5 cm.
440 ## - MENCIÓN DE SERIE/PUNTO DE ACCESO ADICIONAL--TÍTULO
Título Manual U.T.E.H.A breve
Número de la parte/sección de una obra 380 - educación
9 (RLIN) 12575
505 ## - NOTA DE CONTENIDO CON FORMATO
Nota de contenido formateada Contenido: La escuela elemental -- Alumnos, padres y maestros -- Adaptación del trabajo escolar al estudiante, a clase y a la materia -- ¿Cuánta tarea para casa? -- Diagnóstico diario ...
650 ## - PUNTO DE ACCESO ADICIONAL DE MATERIA--TÉRMINO DE MATERIA
Descriptor Tareas escolares
9 (RLIN) 12576
650 ## - PUNTO DE ACCESO ADICIONAL DE MATERIA--TÉRMINO DE MATERIA
Descriptor Escuela primaria - secundaria
9 (RLIN) 12577
650 ## - PUNTO DE ACCESO ADICIONAL DE MATERIA--TÉRMINO DE MATERIA
Descriptor Alumnos
9 (RLIN) 12578
700 ## - PUNTO DE ACCESO ADICIONAL--NOMBRE DE PERSONA
Nombre Personal Agut Armer (traductor)
9 (RLIN) 12579
942 ## - ELEMENTOS DE PUNTO DE ACCESO ADICIONAL (KOHA)
Fuente de clasificación
Tipo de item Libros-BMC
945 ## - PROCESAMIENTO DE INFORMACIÓN LOCAL (OCLC)
Catalogador afb
Holdings
Estado de retiro (separado) Fuente de clasificación o esquema de estanterías Estado dañado Ubicación Sala donde se ubica Nombre de la colección Fecha de adquisición o compra Costo, precio normal en soles Signatura topográfica Código de Barras Última vez visto (Koha) Tipo de ítem (Koha) Número de Ejemplar
No     Sala Humanidades Sala Humanidades Book Cart 2019-03-07 12.00 371 / SH47 SH0000004516 2019-03-07 Libros-BMC  
No     Sala Humanidades Sala Humanidades Book Cart 2019-03-13 12.00 371 / SH47 / e.2 SH0000006151 2019-03-13 Libros-BMC e.2

Powered by Koha